000
00247nam a2200121Ia 4500
008
190216s9999||||xx |||||||||||||| ||und||
100
_a
G Aruldas
245
0
_a
Modern Physics
250
_a
I
260
_b
Phi
_c
295
300
_a
440
942
_c
BK
999
_c
30355
_d
30355